000 00577nam a2200229Ia 4500
003 OSt
005 20220924133356.0
006 a|||||r|||| 00| 0
007 ta
008 220923b |||||||| |||| 00| 0 mal d
024 _a264891
037 _cTextual
040 _aARTS
_cARTS
_bmal
041 _2mal
_amal
082 _aO32,3NRK,1, J6
100 _aRadhakrishna
_9206286
245 0 _aKollayurm kotum
260 _c1966
650 _aMALAYALAM FICTION
_9183428
942 _hO32,3NRK,1, J6
_cTEXL
_2CC
999 _c433591
_d433591